Vplyv teploty na medze výbušnosti alkoholov

Saved in:
Bibliographic Details
Main Author: Martinkovičová, Jana (Author)
Other Authors: Balog, Karol (Thesis advisor)
Format: Manuscript Book
Language:Slovak
Published: 2016
Subjects:
Online Access:http://is.stuba.sk/zp/portal_zp.pl?podrobnosti=118321
Tags: Add Tag
No Tags, Be the first to tag this record!

MARC

LEADER 00000ntm a22000003a 4500
001 stuzp57746
003 SK-STU
005 20160719155341.5
007 ta
008 150427s2015----xo-----f-mn---000-0-slo-d
040 |a STU  |b slo 
041 0 |a slo 
100 1 |a Martinkovičová, Jana  |u 065000  |k Z4  |4 aut  |U MTF Materiálovotechnologická fakulta  |T MTF Ústav integrovanej bezpečnosti  |X 6456  |U M5000  |Y 85  |7 A000006456 
242 0 1 |a The influence of temperature on explosion limit of alcohols  |y eng 
245 1 0 |a Vplyv teploty na medze výbušnosti alkoholov 
260 |c 2016 
650 4 |a horľavé kvapaliny  |2 slo 
650 4 |a medza výbušnosti  |2 slo 
650 4 |a metódy stanovenia medzi výbušnosti  |2 slo 
650 4 |a flammable liquids  |2 eng 
650 4 |a explosion limit  |2 eng 
650 4 |a methods of determination of explosion limits  |2 eng 
700 1 |a Balog, Karol  |u 065000  |k Z1  |4 ths  |U MTF Materiálovotechnologická fakulta  |T MTF Ústav integrovanej bezpečnosti  |X 243  |U M5000  |Y 85  |7 A000000243 
856 4 |u http://is.stuba.sk/zp/portal_zp.pl?podrobnosti=118321 
996 |c M* DP-12626  |l MMSKP  |s P  |a 0  |w stuzp57746_0001 
SQL |a stuzp57746  |b DDP  |c SLO  |d Vplyv teploty na medze výbušnosti alkoholov  |e 6456  |f Martinkovičová, Jana  |g 065000  |h 243  |i Balog, Karol  |j 20160530  |k 670  |l 06  |m http://is.stuba.sk/zp/portal_zp.pl?podrobnosti=118321  |n I-IBE  |o 8.3.5. bezpečnosť a ochrana zdravia pri práci